Đảng Cộng sản Việt Nam với công cuộc đổi mới đất nước và hội nhập Quốc tế

Giới thiệu sự lãnh đạo của Đảng hoàn thành cách mạng dân tộc dân chủ nhân dân trong cả nước, đặt nền móng cho cách mạng XHCN và công cuộc đổi mới đất nước qua các giai đoạn: 1975-1986, 1996-2005 và sự nghiệp đẩy mạnh công nghiệp hoá, hiên đại hoá hội nhập quốc tế...

Mô tả đầy đủ

Đã lưu trong:
Chi tiết về thư mục
Tác giả chính: Vũ Như Khôi (ch.b.)
Tác giả khác: Phạm Bá Toàn (b.s.), Nguyễn Xuân Tú (b.s.), Ngô Đức Hùng (b.s.), Hoàng Đức Nhuận (thư kí, b.s.)
Định dạng: Sách
Ngôn ngữ:Vietnamese
Được phát hành: H. Quân đội nhân dân 2006
Những chủ đề:
Các nhãn: Thêm thẻ
Không có thẻ, Là người đầu tiên thẻ bản ghi này!
Thư viện lưu trữ: Mạng thư viện Đại học Đà Nẵng
LEADER 01861aam a22004218a 4500
001 000015780
003 12163
005 20120605090657.0
008 120605s2006 viesd
020 |c 290000đ  |d 2040b 
041 |a vie 
082 1 4 |2 14  |a 324.259707  |b VU-K 
084 |a R61(1)4 
084 |b Đ000C 
100 0 |a Vũ Như Khôi  |e Chủ biên 
245 |a Đảng Cộng sản Việt Nam với công cuộc đổi mới đất nước và hội nhập Quốc tế  |c B.s.: Vũ Như Khôi (ch.b.), Hoàng Đức Nhuận, Phạm Bá Toàn.. 
260 |a H.  |b Quân đội nhân dân  |c 2006 
300 |a 576tr.  |c 27cm 
504 |a Phụ lục: tr. 235-572 
520 |a Giới thiệu sự lãnh đạo của Đảng hoàn thành cách mạng dân tộc dân chủ nhân dân trong cả nước, đặt nền móng cho cách mạng XHCN và công cuộc đổi mới đất nước qua các giai đoạn: 1975-1986, 1996-2005 và sự nghiệp đẩy mạnh công nghiệp hoá, hiên đại hoá hội nhập quốc tế 
610 7 |2 Bộ TK TVQG  |a Đảng Cộng sản Việt Nam 
650 7 |2 Bộ TK TVQG  |a Lãnh đạo 
650 7 |2 Bộ TK TVQG  |a Hội nhập 
700 1 |a Vũ Như Khôi  |e ch.b. 
700 1 |a Phạm Bá Toàn  |e b.s. 
700 1 |a Nguyễn Xuân Tú  |e b.s. 
700 1 |a Ngô Đức Hùng  |e b.s. 
700 1 |a Hoàng Đức Nhuận  |e thư kí, b.s. 
OWN |a LSP 
AVA |a UDN50  |b LSP  |d 324.259707 VU-K  |e available  |t Error 5001 Not defined in file expand_doc_bib_avail.  |f 1  |g 0  |h N  |i 0  |k 1 
999 |a From the UDN01 
AVA |a UDN50  |b LSP  |d 324.259707 VU-K  |e available  |t Error 5001 Not defined in file expand_doc_bib_avail.  |f 1  |g 0  |h N  |i 0  |k 1 
TYP |a Monograph 
TYP |a Printed language 
980 |a Mạng thư viện Đại học Đà Nẵng